Statistiques concernant Quiz sur la Bulgarie

Cliquez ici pour prendre le quiz!

Statistiques générales

  • Ce quiz a été pris 4 261 fois
  • Le résultat moyen est 13 sur 20

Statistiques - réponses

QuestionRéponse% Correct
CapitaleSofia
98%
Pays frontaliersRoumanie
94%
Mer qui borde la BulgarieMer Noire
93%
Pays frontaliersGrèce
91%
Pays frontaliersSerbie
88%
Pays frontaliersMacédoine du Nord
86%
Empire qui contrôlait la Bulgarie entre 1396 et 1878Empire Ottoman
85%
Pays frontaliersTurquie
84%
Branche du christianisme la plus pratiquéeOrthodoxe
83%
Alphabet créé en Bulgarie au IXème siècle et qui sert notamment à écrire le bulgareCyrillique
77%
Fleuve qui forme la majorité de la frontière septentrionale du paysDanube
74%
Péninsule sur laquelle la Bulgarie se trouveBalkans
69%
La Bulgarie est le 9ème pays qui consomme le plus d' ___ par habitant,
dont l'exemple bulgare le plus typique serait certainement la rakija
Alcool
64%
Dessert très répandu qui contient des bactéries du genre Lactobacillus bulgaricusYaourt
47%
Deux sports dans lesquels la Bulgarie a le plus de médailles d'or (nommez-en un)Lutte | Haltérophilie
43%
Chanteuse française et ex-épouse de Johnny Hallyday, née en Bulgarie en 1944Sylvie Vartan
39%
Le Sud de la Bulgarie, dont Plovdiv, appartient à cette région antiqueT{hrace}
32%
Devise monétaireLev
28%
Ville la plus peuplée située sur ce littoralVarna
27%
Tennisman bulgare qui a remporté le Masters à Londres en 2017Grigor Dimitrov
25%

Distribution des résultats

Percentile par nombre de réponses

% des personnes avec chaque résultat

Votre développement - résultats

Vous n’avez pas pris ce quiz